Formación de la clase media en Costa Rica: economía,sociabilidades y discursos políticos (1890-1950) /
Sábháilte in:
| Príomhchruthaitheoir: | |
|---|---|
| Formáid: | LEABHAR |
| Teanga: | Spanish |
| Foilsithe / Cruthaithe: |
Costa Rica :
Editorial Arlekín,
2014
|
| Clibeanna: |
Cuir clib leis
Níl clibeanna ann, Bí ar an gcéad duine le clib a chur leis an taifead seo!
|
MARC
| LEADER | 00000nam a22000007a 4500 | ||
|---|---|---|---|
| 003 | cru CIDCACS/IIS | ||
| 005 | 20161013152202.0 | ||
| 008 | 161013t2014 cr ||||| |||| 00| 0 spa d | ||
| 020 | |a 9789968681117 | ||
| 040 | |c cru CIDCACS/IIS | ||
| 090 | |a 05.03.05 G216f | ||
| 100 | 1 | |9 189 |a García Quesada, George I. | |
| 245 | 1 | |a Formación de la clase media en Costa Rica: |b economía,sociabilidades y discursos políticos (1890-1950) / |c George I. García Quesada | |
| 260 | |a Costa Rica : |b Editorial Arlekín, |c 2014 | ||
| 300 | |a 452 páginas | ||
| 942 | |2 ddc |c LI | ||
| 999 | |c 18617 |d 18617 | ||



